Conocimiento y diseño /

Ensayo sobre el conocimiento desde el punto de vista teórico. Se afirma que la epistemología adquiere sentido y validez cuando se comprueban las afirmaciones empíricamente: es entonces cuando se diseña el conocimiento mismo. Así que se presentan casos de aplicaciones de la teoría en el dibujo y el d...

Descripción completa

Guardado en:
Detalles Bibliográficos
Autor principal: Tudela, Fernando (autor)
Formato: Libro
Idioma:Español
Colección:(Ensayos. Diseño ; 7)
Temas:
Etiquetas: Agrega una etiqueta
Sin etiquetas, Sé el primero en etiquetar este registro!

MARC

LEADER 00000nam^a2200000^a^4500
001 000381961
005 20250521000000.0
009 20260310120719.252
020 |a 968-840-154-4 
037 |a Acervo ITESO - Biblioteca 
041 |a ESP 
082 |a 153. 4  |b TUD 
100 |a Tudela, Fernando  |e (autor) 
245 1 0 |a Conocimiento y diseño /  |c F. Tudela. 
264 |a México :  |b Universidad Autónoma Metropolitana Xochimilco,  |c 1985 
300 |a 139 p. 
336 |a texto  |b txt  |2 rdacontenido 
337 |a sin mediación  |b n  |2 rdamedio 
338 |a volumen  |b nc  |2 rdasoporte 
440 1 |a (Ensayos.  |p Diseño ;  |v 7) 
520 |a Ensayo sobre el conocimiento desde el punto de vista teórico. Se afirma que la epistemología adquiere sentido y validez cuando se comprueban las afirmaciones empíricamente: es entonces cuando se diseña el conocimiento mismo. Así que se presentan casos de aplicaciones de la teoría en el dibujo y el diseño arquitectónico. 
561 |a Ex libris de Luis G. González M. 
649 |a XX 
650 |a Conocimiento -  |x Teoría -  |x Tema Principal 
650 |a Empirismo 
650 |a Epistemología -  |x Tema Principal 
650 |a Filosofía de la Ciencia 
650 |a Dibujo 
650 |a Diseño Arquitectónico 
910 |a Fondo General 
920 |a Impresos - Libros 
930 |a Colección General 
905 |a 101 
901 |a 0500276950  |b IT1  |c ACC  |i D78514  |u 20250521 
902 |a https://opac.biblio.iteso.mx/vufind/Record/000381961